000 00795nam a22002537a 4500
001 BR8806482
003 BR-BrBNA
005 20230928093037.0
007 ta
008 230509b bl.||||| |||| 00| 0 por d
040 _aBR-BrBNA
_bpor
_cBiblioteca Nacional de Agricultura
041 _a(Por)
072 _aE14
_b/G514
090 _ E14 BR8806482
110 1 _aEmpresa de Assistencia Tecnica e Extensao Rural do Estado de Mato Grosso, Cuiaba (Brasil)
_94017
245 1 _aRelatorio de atividades 1985 [Empresa de Assistencia Tecnica e Extensao Rural do Estado de Mato Grosso]
260 3 _aCuiaba, MT (Brasil):
_c1986.
300 _a25 p.
650 _aASSISTENCIA TECNICA
650 _aEXTENSAO RURAL
650 _aMATO GROSSO
909 _a202309
_bLucia
_c55
_dLucia Elande
942 _cBK
999 _c42676
_d42676